000 00748nam a2200217Ii 4500
003 JO-AjNU
008 230605s9999||||xx |||||||||||||| ||und||
017 _a1990/118
040 _aJO-AjNU
_bara
_erda
_cJO-AjNU
041 _aara
050 1 4 _aPJ6101.B3488 1990
100 3 _aتاليف البكاء،محمد عبد المطلب,
_eauthor
_917876
245 0 0 _aمنهج أبي سعيد السيرافي في شرح كتاب سيبويه
250 _aط1
264 3 1 _aبغداد: دار الشؤون الثقافية العامه، 1990
300 _a259ص
336 _atext
_btxt
_2rdacontent
337 _aunmediated
_bn
_2rdamedia
338 _avolume
_bnc
_2rdacarrier
650 4 _aاللغة العربية-قواعد اللغة
_917877
999 _aA5613
_c9181
_d9181